Power and contestation: India since 1989 (Record no. 6535)

MARC details
000 -LEADER
fixed length control field 00508nam a2200181Ia 4500
020 ## - INTERNATIONAL STANDARD BOOK NUMBER
ISBN 9788125035091
082 ## - DEWEY DECIMAL CLASSIFICATION NUMBER
Classification number 320.954 MEN-P
100 ## - MAIN ENTRY--AUTHOR NAME
Personal name Menon, Nivedita
245 #0 - TITLE STATEMENT
Title Power and contestation: India since 1989
260 ## - PUBLICATION, DISTRIBUTION, ETC. (IMPRINT)
Place of publication Hyderabad
Name of publisher Orient Longman
Year of publication 2007
300 ## - PHYSICAL DESCRIPTION
Number of Pages xii, 219
504 ## - BIBLIOGRAPHY, ETC. NOTE
Bibliography, etc includes bibliography and index
650 ## - SUBJECT ADDED ENTRY--TOPICAL TERM
Topical Term Political development
Geographic subdivision India
650 ## - SUBJECT ADDED ENTRY--TOPICAL TERM
Topical Term India
Form subdivision Politics and government
Geographic subdivision India
650 ## - SUBJECT ADDED ENTRY--TOPICAL TERM
Topical Term Economic development
700 ## - ADDED ENTRY--PERSONAL NAME
Personal name Nigam, Aditya
942 ## - ADDED ENTRY ELEMENTS (KOHA)
Koha item type Books
Holdings
Withdrawn status Lost status Damaged status Not for loan Home library Current library Date acquired Source of acquisition Bill Date Full call number Accession Number Price effective from Koha item type
        NASSDOC Library NASSDOC Library 16/03/2009 AAKAR 2009-02-01 320.954 MEN-P 45269 18/04/2019 Books